00621nam a22002057a 450000500170000001000130001702000230003003500130005303700160006604000120008208200160009410000170011024501340012725000200026126000410028127000250032230000260034765000210037365000210039420170124110250.0 aA-334876 c200.00a8170123127 aA-334876 bCen Lib/Ret aDPLbEN a347.09bMAT aMathur, G.C. aS.D.Singh's law of arbitration :cby G.C.Mathurbincluding an exhaustive and analytical commentary on the arbitration act, 1940 / a9th rev.anl.ed. aLucknowbEastern Book Company c1988 bLucknowa34, Lalbag  alvii,997p. c22cm(Hb) aLatest case law  aLocal amendment